Distribution par images - Le Trésor du Petit Nicolas - Statistiques

Statistiques générales
  • Ce quiz a été pris 22 fois
  • Le résultat moyen est 4 sur 9
Statistiques - réponses
Par images Hint Réponse % Correct
Mère de Nicolas Audrey Lamy
95%
Père de Nicolas Jean-Paul Rouve
89%
Directeur Jean-Pierre Darroussin
63%
Moucheboume Pierre Arditi
63%
Blédur François Morel
42%
Dubon Grégory Gadebois
37%
Grifaton Philippe Uchan
21%
Maîtresse Adeline d'Hermy
16%
Bouillaguet Noémie Lvovsky
16%
Aucun quiz correspondant
Distribution des résultats
% des personnes avec chaque résultat
Percentile par nombre de réponses
Votre historique - résultats
Vous n’avez pas pris ce quiz